[Event "Arco op 42nd"]
[Site "Arco"]
[Date "2020.10.10"]
[Round "1.4"]
[White "Sedina, Elena"]
[Black "Proietti, Tosca"]
[Result "1/2-1/2"]
[WhiteElo "2299"]
[BlackElo "1876"]
[PlyCount "90"]
[EventDate "2020.10.10"]
[EventType "swiss"]
[EventRounds "9"]
[EventCountry "ITA"]
[SourceTitle "CBM 198 Extra"]
[Source "ChessBase"]
[SourceDate "2020.11.30"]
[SourceVersion "1"]
[SourceVersionDate "2020.11.30"]
[SourceQuality "1"]

1. e4 c5 2. Nf3 d6 3. Bb5+ Nd7 4. 0-0 Ngf6 5. Re1 a6 6. Bf1 e6 7. c3 Be7 8. d4 cxd4 9. cxd4 d5 10. e5 Ne4 11. Bd3 Bb4 12. Re2 b5 13. Ne1 f5 14. exf6 Ndxf6 15. a4 Bd7 16. f3 Nd6 17. Nc2 Ba5 18. axb5 axb5 19. b3 0-0 20. Ba3 Qb8 21. Bc5 Re8 22. Nb4 Nb7 23. Rea2 Nxc5 24. Rxa5 Rxa5 25. Rxa5 Nxd3 26. Qxd3 Rc8 27. Qd2 Qc7 28. Nd3 Qc2 29. Qxc2 Rxc2 30. Na3 Rc3 31. Nc5 e5 32. Nxd7 Nxd7 33. Nxb5 Rxb3 34. Nd6 exd4 35. Rxd5 d3 36. Ne4 Nb6 37. Rd8+ Kf7 38. Nc5 Rb1+ 39. Kf2 Rb2+ 40. Kg3 d2 41. Ne4 Nc4 42. Nd6+ Nxd6 43. Rxd6 Ke7 44. Rd4 Kf6 45. f4 Kf5 1/2-1/2

[Event "Veneto-ch qf 78th"]
[Site "Padova"]
[Date "2019.02.16"]
[Round "2.26"]
[White "Raccanello, Marianna"]
[Black "Proietti, Tosca"]
[Result "1/2-1/2"]
[WhiteElo "2029"]
[BlackElo "1824"]
[PlyCount "136"]
[EventDate "2019.02.15"]
[EventType "swiss"]
[EventRounds "5"]
[EventCountry "ITA"]
[SourceTitle "EXT 2024"]
[Source "ChessBase"]
[SourceDate "2023.10.10"]
[SourceVersion "1"]
[SourceVersionDate "2023.10.10"]
[SourceQuality "1"]

1. e4 c5 2. Nf3 d6 3. d4 cxd4 4. Nxd4 Nf6 5. Nc3 a6 6. Bg5 e6 7. f4 Be7 8. Qf3 Qc7 9. 0-0-0 Nbd7 10. g4 b5 11. Bxf6 Nxf6 12. g5 Nd7 13. f5 Bxg5+ 14. Kb1 Ne5 15. Qh5 Qd8 16. Nxe6 Bxe6 17. fxe6 0-0 18. exf7+ Rxf7 19. Bh3 g6 20. Qe2 Kg7 21. Nd5 Bh4 22. Rhf1 Raa7 23. Nf4 Kh8 24. Ne6 Qe7 25. Rxf7 Nxf7 26. Rf1 Ra8 27. Qd2 Ne5 28. Qf4 Re8 29. Nd4 Bg5 30. Qg3 Nc4 31. Nf3 Bf6 32. Qf4 Nxb2 33. Bd7 Rd8 34. Bc6 Nc4 35. Bd5 Rc8 36. Rf2 a5 37. h4 Ne5 38. Ng5 Bxg5 39. hxg5 a4 40. Qh4 Rf8 41. Rf6 Nd7 42. Rxg6 Rf1+ 43. Kb2 Qe5+ 44. c3 a3+ 45. Kc2 Rf8 46. Rh6 Qe7 47. Re6 Qg7 48. Qh6 Nc5 49. Qxg7+ Kxg7 50. Rxd6 Rf2+ 51. Kd1 Na4 52. Rc6 Rg2 53. Rc7+ Kf8 54. Rxh7 Rxg5 55. Kd2 Rg3 56. Rc7 Ke8 57. c4 bxc4 58. Rxc4 Nb6 59. Bc6+ Ke7 60. Rc2 Kd6 61. Kc1 Ke5 62. Rd2 Re3 63. Kc2 Nc4 64. Rd8 Nd6 65. Bd5 Rg3 66. Ra8 Kd4 67. Ra4+ Ke5 68. Rb4 Rh3 1/2-1/2

[Event "Budapest FS08 Nadassy"]
[Site "Budapest"]
[Date "2018.08.13"]
[Round "9.5"]
[White "Szalanczy, Emil"]
[Black "Proietti, Tosca"]
[Result "1-0"]
[WhiteElo "2201"]
[BlackElo "1813"]
[PlyCount "81"]
[EventDate "2018.08.04"]
[EventType "team-tourn"]
[EventRounds "10"]
[EventCountry "HUN"]
[SourceTitle "CBM 186 Extra"]
[Source "ChessBase"]
[SourceDate "2018.08.24"]
[SourceVersion "1"]
[SourceVersionDate "2018.08.24"]
[SourceQuality "1"]
[WhiteTeam "Higher Elo"]
[BlackTeam "Lower Elo"]
[WhiteTeamCountry "HUN"]
[BlackTeamCountry "HUN"]

1. e4 c5 2. Nf3 d6 3. d4 cxd4 4. Nxd4 Nf6 5. Nc3 a6 6. Bg5 e6 7. f4 Be7 8. Qf3 Qc7 9. 0-0-0 Nbd7 10. g4 b5 11. Bxf6 Nxf6 12. g5 Nd7 13. f5 Ne5 14. Qh3 b4 15. Nce2 Bxg5+ 16. Kb1 exf5 17. exf5 Bb7 18. Rg1 Bf6 19. Nf4 Rc8 20. Qb3 Qc5 21. Bg2 Bxg2 22. Rxg2 Nc6 23. Re2+ Be5 24. Nxc6 Qxc6 25. Nd5 Qc4 26. Qa4+ Qb5 27. Qxb5+ axb5 28. Nxb4 0-0 29. Rd5 Rc4 30. Nd3 f6 31. Rxb5 Rh4 32. a3 Rxh2 33. Rbxe5 fxe5 34. Rxh2 Rxf5 35. c4 e4 36. Ne1 g5 37. b4 g4 38. b5 Rc5 39. b6 Rc6 40. b7 Rb6+ 41. Rb2 1-0

[Event "Budapest FS08 Nadassy"]
[Site "Budapest"]
[Date "2018.08.10"]
[Round "6.3"]
[White "Proietti, Tosca"]
[Black "Harmatosi, Jozsef"]
[Result "0-1"]
[WhiteElo "1813"]
[BlackElo "2111"]
[PlyCount "62"]
[EventDate "2018.08.04"]
[EventType "team-tourn"]
[EventRounds "10"]
[EventCountry "HUN"]
[SourceTitle "CBM 186 Extra"]
[Source "ChessBase"]
[SourceDate "2018.08.24"]
[SourceVersion "1"]
[SourceVersionDate "2018.08.24"]
[SourceQuality "1"]
[WhiteTeam "Lower Elo"]
[BlackTeam "Higher Elo"]
[WhiteTeamCountry "HUN"]
[BlackTeamCountry "HUN"]

1. e4 Nc6 2. d4 d5 3. e5 Bf5 4. c3 e6 5. Nf3 f6 6. Bd3 Nge7 7. Bxf5 Nxf5 8. Qe2 fxe5 9. Nxe5 Nxe5 10. Qxe5 Qd7 11. Nd2 Bd6 12. Qe2 0-0 13. Nf3 Rae8 14. Bd2 b6 15. 0-0 c5 16. Ne5 Qc7 17. f4 cxd4 18. g4 Ne3 19. Rfc1 Bxe5 20. cxd4 Nc4 21. dxe5 Qc5+ 22. Kh1 Qd4 23. Bc3 Qxf4 24. Rf1 Qe3 25. Qg2 Rxf1+ 26. Rxf1 Rf8 27. Rxf8+ Kxf8 28. Bb4+ Kg8 29. h3 Qc1+ 30. Kh2 Qf4+ 31. Kg1 Nxe5 0-1

[Event "Porto San Giorgio op 23rd"]
[Site "Porto San Giorgio"]
[Date "2011.08.24"]
[Round "5"]
[White "Proietti, Tosca"]
[Black "Liguori, Renato"]
[Result "1/2-1/2"]
[WhiteElo "1821"]
[BlackElo "2100"]
[PlyCount "91"]
[EventDate "2011.08.21"]
[EventType "swiss"]
[EventRounds "9"]
[EventCountry "ITA"]
[SourceTitle "CBM 144 Extra"]
[Source "ChessBase"]
[SourceDate "2011.10.28"]
[SourceVersion "1"]
[SourceVersionDate "2011.10.28"]
[SourceQuality "1"]

1. e4 e6 2. d4 d5 3. Nc3 dxe4 4. Nxe4 Bd7 5. Nf3 Bc6 6. Bd3 Nd7 7. c3 Ngf6 8. Qe2 Be7 9. 0-0 Bxe4 10. Bxe4 Nxe4 11. Qxe4 c6 12. Qe2 0-0 13. Bf4 Nf6 14. c4 Qa5 15. a3 Rad8 16. b4 Qh5 17. Rad1 Rd7 18. h3 Rfd8 19. Rfe1 Bd6 20. Bg5 h6 21. Be3 a6 22. Qc2 Bb8 23. Rd2 b5 24. cxb5 cxb5 25. Qc6 Rd6 26. Qc5 Rd5 27. Qc6 g5 28. Ne5 g4 29. hxg4 Nxg4 30. Nxg4 Qxg4 31. f3 Qh4 32. Bf2 Qh2+ 33. Kf1 h5 34. Bg1 Qf4 35. Be3 Qf6 36. Qc2 h4 37. Qe4 Qf5 38. Qxh4 Qg6 39. Bf2 R8d7 40. Re4 Rh5 41. Rg4 Rxh4 42. Rxg6+ fxg6 43. Bxh4 Kf7 44. Bg5 Ba7 45. Be3 Rc7 46. Ke2 1/2-1/2

[Event "Ravenna Lido Adriano op 1st"]
[Site "Ravenna"]
[Date "2011.04.03"]
[Round "2"]
[White "Korhonen, Erkki"]
[Black "Proietti, Tosca"]
[Result "1-0"]
[WhiteElo "1944"]
[BlackElo "1799"]
[PlyCount "43"]
[EventDate "2011.04.02"]
[EventType "swiss"]
[EventRounds "9"]
[EventCountry "ITA"]
[SourceTitle "EXT 2012"]
[Source "ChessBase"]
[SourceDate "2011.11.24"]
[SourceVersion "1"]
[SourceVersionDate "2011.11.24"]
[SourceQuality "1"]

1. d4 Nf6 2. Nf3 g6 3. c4 Bg7 4. Nc3 0-0 5. e4 d6 6. Be2 e5 7. 0-0 Nc6 8. d5 Ne7 9. b4 a5 10. Ba3 axb4 11. Bxb4 b6 12. a4 Ne8 13. a5 c6 14. dxc6 Nxc6 15. Qd5 Bb7 16. a6 Nxb4 17. Qxb7 Nf6 18. Nb5 Rb8 19. Qc7 Ra8 20. a7 Nxe4 21. Qxd8 Rfxd8 22. Nc7 1-0

[Event "Cento op 1st"]
[Site "Cento"]
[Date "2011.02.05"]
[Round "1"]
[White "Proietti, Tosca"]
[Black "Cocchi, Andrea"]
[Result "0-1"]
[WhiteElo "1818"]
[BlackElo "2281"]
[PlyCount "80"]
[EventDate "2011.02.05"]
[EventType "swiss"]
[EventRounds "9"]
[EventCountry "ITA"]
[SourceTitle "CBM 140 Extra"]
[Source "ChessBase"]
[SourceDate "2011.03.01"]
[SourceVersion "1"]
[SourceVersionDate "2011.03.01"]
[SourceQuality "1"]

1. e4 c6 2. d4 d5 3. Nc3 dxe4 4. Nxe4 Nf6 5. Nxf6+ gxf6 6. Bf4 Qb6 7. Nf3 Qxb2 8. Be2 Qb4+ 9. Bd2 Qd6 10. Rb1 Nd7 11. Qc1 e5 12. dxe5 fxe5 13. Ng5 Nf6 14. Bc4 Nd5 15. 0-0 Be7 16. Qe1 f5 17. Nf3 e4 18. Bxd5 cxd5 19. Bb4 Qc7 20. Bxe7 Qxe7 21. Nd4 0-0 22. Qa5 Qe5 23. Rfd1 b6 24. Nc6 bxa5 25. Nxe5 Be6 26. Nc6 Kg7 27. Nxa5 Rfc8 28. Rb2 Rab8 29. Rxb8 Rxb8 30. Nb3 Kf6 31. Kf1 Ke5 32. Ke1 Rb4 33. c3 Rb6 34. Ke2 Bd7 35. Kd2 f4 36. Ke1 Bb5 37. Rc1 Bc4 38. Nc5 Rb2 39. Na4 Rxa2 40. Nc5 Re2+ 0-1

[Event "Arco op 32nd"]
[Site "Arco"]
[Date "2010.10.22"]
[Round "7"]
[White "Proietti, Tosca"]
[Black "Caldara, Sisto"]
[Result "0-1"]
[WhiteElo "1840"]
[BlackElo "1813"]
[PlyCount "120"]
[EventDate "2010.10.16"]
[EventType "swiss"]
[EventRounds "9"]
[EventCountry "ITA"]
[SourceTitle "EXT 2024"]
[Source "ChessBase"]
[SourceDate "2023.10.10"]
[SourceVersion "1"]
[SourceVersionDate "2023.10.10"]
[SourceQuality "1"]

1. e4 d6 2. Nc3 Nf6 3. Bc4 c6 4. d3 b5 5. Bb3 Nbd7 6. Nge2 Bb7 7. 0-0 e5 8. Ng3 a6 9. Nf5 h6 10. a3 g6 11. Ne3 h5 12. h3 Qb6 13. Qe2 Be7 14. Kh1 Qc7 15. Qd1 Rd8 16. Bd2 Nb6 17. Qe2 d5 18. exd5 cxd5 19. Ned1 h4 20. f4 Nh5 21. Be1 Nxf4 22. Rxf4 exf4 23. Nf2 f5 24. d4 Nc4 25. Nd3 g5 26. Qe6 Rd6 27. Qxf5 Rf8 28. Qg4 Bc8 29. Qh5+ Kd8 30. Bxc4 dxc4 31. Ne5 Bf6 32. Ne4 Bxe5 33. dxe5 Rd4 34. Qxg5+ Qe7 35. Ba5+ Kd7 36. Qxe7+ Kxe7 37. Bb4+ Kf7 38. Bxf8 Kxf8 39. Ng5 Rd2 40. Nf3 Rxc2 41. Rd1 Ke7 42. Nxh4 Rxb2 43. Ng6+ Ke8 44. Nxf4 Ra2 45. Ng6 Rxa3 46. Rf1 Re3 47. Rf8+ Kd7 48. Rf6 Kc7 49. Rf7+ Kb6 50. Rf6+ Ka5 51. Ne7 Bb7 52. e6 c3 53. Rf2 Rxe6 54. Nf5 Re1+ 55. Kh2 Rd1 56. Ne3 Rd2 57. Rf5 Kb4 58. Rf4+ Kb3 59. Rf1 Re2 60. Rf7 Be4 0-1

[Event "Arco op 32nd"]
[Site "Arco"]
[Date "2010.10.19"]
[Round "4"]
[White "Blasco, Domenico"]
[Black "Proietti, Tosca"]
[Result "1/2-1/2"]
[WhiteElo "1961"]
[BlackElo "1840"]
[PlyCount "46"]
[EventDate "2010.10.16"]
[EventType "swiss"]
[EventRounds "9"]
[EventCountry "ITA"]
[SourceTitle "EXT 2024"]
[Source "ChessBase"]
[SourceDate "2023.10.10"]
[SourceVersion "1"]
[SourceVersionDate "2023.10.10"]
[SourceQuality "1"]

1. d4 Nf6 2. Nf3 g6 3. e3 Bg7 4. Be2 0-0 5. 0-0 d5 6. b4 a5 7. b5 c5 8. bxc6 bxc6 9. Ba3 Ba6 10. Nbd2 Re8 11. Ne5 Bxe2 12. Qxe2 Nfd7 13. Nxd7 Nxd7 14. Rab1 e5 15. Qd3 exd4 16. exd4 Qe7 17. c3 c5 18. dxc5 Nxc5 19. Qxd5 Rad8 20. Qxc5 Qxc5 21. Bxc5 Rxd2 22. Bd4 Bxd4 23. cxd4 Rxd4 1/2-1/2

[Event "Senigallia Perini Memorial 3rd"]
[Site "Senigallia"]
[Date "2009.08.04"]
[Round "4"]
[White "Proietti, Tosca"]
[Black "Cannada Bartoli, Vincenzo"]
[Result "0-1"]
[WhiteElo "1829"]
[BlackElo "1981"]
[PlyCount "118"]
[EventDate "2009.08.01"]
[EventType "swiss"]
[EventRounds "9"]
[EventCountry "ITA"]
[SourceTitle "EXT 2010"]
[Source "ChessBase"]
[SourceDate "2010.11.25"]
[SourceVersion "1"]
[SourceVersionDate "2010.11.25"]
[SourceQuality "1"]

1. e4 e6 2. Nf3 d5 3. e5 c5 4. b4 cxb4 5. d4 Nc6 6. a3 Bd7 7. axb4 Bxb4+ 8. c3 Be7 9. Bd3 h5 10. h4 Nh6 11. Na3 a6 12. Bg5 b5 13. Nc2 Nf5 14. Ne3 g6 15. Bxe7 Ncxe7 16. Ng5 Nxe3 17. fxe3 Nf5 18. Qf3 0-0 19. e4 dxe4 20. Nxe4 Kg7 21. Nf6 Qc7 22. Be4 Ra7 23. g4 hxg4 24. Nxg4 Rc8 25. Rc1 Bc6 26. Nf6 Bxe4 27. Nxe4 Nxd4 28. Qf6+ Kg8 29. h5 Qxe5 30. Qxe5 Nf3+ 31. Ke2 Nxe5 32. h6 Kh8 33. Ra1 f5 34. Nd6 Rca8 35. Rhd1 Rd7 36. Rd4 Nc6 37. Rd3 b4 38. cxb4 Nxb4 39. Rd2 Nd5 40. Nc4 Nc3+ 41. Ke3 Rxd2 42. Kxd2 Ne4+ 43. Ke3 Kh7 44. Nb6 Ra7 45. Kf4 Kxh6 46. Ke5 Rb7 47. Nc4 Rc7 48. Ne3 Rc6 49. Rh1+ Kg7 50. Ra1 g5 51. Rg1 Kg6 52. Ng2 Kf7 53. Ne3 Rc5+ 54. Kd4 e5+ 55. Kd3 Rc3+ 56. Ke2 Ke6 57. Ra1 Rc6 58. Kf3 g4+ 59. Nxg4 Ng5+ 0-1

[Event "Viterbo op 6th"]
[Site "Viterbo"]
[Date "2009.06.02"]
[Round "6"]
[White "Stoja, Rocco"]
[Black "Proietti, Tosca"]
[Result "1/2-1/2"]
[WhiteElo "1864"]
[BlackElo "1878"]
[PlyCount "39"]
[EventDate "2009.05.30"]
[EventType "swiss"]
[EventRounds "7"]
[EventCountry "ITA"]
[SourceTitle "EXT 2011"]
[Source "ChessBase"]
[SourceDate "2010.11.26"]
[SourceVersion "1"]
[SourceVersionDate "2010.11.26"]
[SourceQuality "1"]

1. d4 Nf6 2. c4 g6 3. Nc3 Bg7 4. e4 d6 5. Nf3 0-0 6. Be2 Nbd7 7. Bg5 h6 8. Bh4 Nh5 9. Qd2 Nhf6 10. 0-0 c5 11. Rad1 cxd4 12. Nxd4 Nc5 13. f3 g5 14. Bf2 Nh5 15. b4 Na6 16. Rb1 Nf4 17. Bd1 Qc7 18. Nd5 Nxd5 19. cxd5 Bd7 20. h4 1/2-1/2

[Event "ITA-chT Final (Women) 1st"]
[Site "Arvier"]
[Date "2008.05.03"]
[Round "4"]
[White "Messina, Roberta"]
[Black "Proietti, Tosca"]
[Result "1-0"]
[WhiteElo "1859"]
[BlackElo "1611"]
[PlyCount "74"]
[EventDate "2008.05.02"]
[EventType "team-swiss"]
[EventRounds "5"]
[EventCountry "ITA"]
[SourceTitle "CBM 124 Extra"]
[Source "ChessBase"]
[SourceDate "2008.07.03"]
[SourceVersion "1"]
[SourceVersionDate "2008.07.03"]
[SourceQuality "1"]
[WhiteTeam "Vitinia"]
[BlackTeam "Bologna"]
[WhiteTeamCountry "ITA"]
[BlackTeamCountry "ITA"]

1. e4 c5 2. a3 Nc6 3. b4 cxb4 4. axb4 Nxb4 5. c3 Nc6 6. d4 d5 7. e5 e6 8. Ba3 Bxa3 9. Nxa3 Nge7 10. Bd3 Ng6 11. Nb5 0-0 12. Qh5 f5 13. Nh3 Qh4 14. Qxh4 Nxh4 15. Nf4 Bd7 16. g3 Nf3+ 17. Ke2 Ng5 18. f3 Nf7 19. Nc7 Rac8 20. Nfxe6 Bxe6 21. Nxe6 Rfe8 22. Bxf5 b6 23. Kd2 Na5 24. Kd3 Nc6 25. Rhe1 Rb8 26. Nc7 Red8 27. Be6 Kf8 28. Bxd5 Rxd5 29. Nxd5 Rd8 30. c4 Ng5 31. h4 Nh3 32. Re4 Na5 33. f4 g6 34. h5 gxh5 35. f5 Ng5 36. e6 Nxe4 37. e7+ Ke8 1-0

[Event "ITA-chT Final (Women) 1st"]
[Site "Arvier"]
[Date "2008.05.02"]
[Round "2"]
[White "Proietti, Tosca"]
[Black "Brunello, Roberta"]
[Result "0-1"]
[WhiteElo "1611"]
[BlackElo "1936"]
[PlyCount "66"]
[EventDate "2008.05.02"]
[EventType "team-swiss"]
[EventRounds "5"]
[EventCountry "ITA"]
[SourceTitle "CBM 124 Extra"]
[Source "ChessBase"]
[SourceDate "2008.07.03"]
[SourceVersion "1"]
[SourceVersionDate "2008.07.03"]
[SourceQuality "1"]
[WhiteTeam "Bologna"]
[BlackTeam "Milanese"]
[WhiteTeamCountry "ITA"]
[BlackTeamCountry "ITA"]

1. e4 e5 2. Bc4 Bc5 3. Nc3 Nc6 4. d3 d6 5. Nge2 Nf6 6. 0-0 h6 7. Na4 Bb6 8. Nxb6 axb6 9. Ng3 0-0 10. Bd2 Be6 11. Bb3 d5 12. exd5 Nxd5 13. Bxd5 Qxd5 14. a3 Nd4 15. f4 exf4 16. Bxf4 f5 17. c4 Qd7 18. Be5 Nc6 19. Bc3 Rad8 20. Qh5 Kh7 21. Rad1 Nd4 22. Bxd4 Qxd4+ 23. Rf2 Bxc4 24. Ne2 Qf6 25. Nf4 Bb5 26. Kh1 Rd6 27. d4 Rxd4 28. Rxd4 Qxd4 29. Kg1 Qf6 30. h3 Bc6 31. Re2 Qd4+ 32. Rf2 Qd6 33. Ne2 g6 0-1